000
00287nam a22001217a 4500
008
230704b xxu||||| |||| 00| 0 eng d
020
_a
1899505814
082
_a
362.1
_b
WIL 2002
245
_a
The AIDS Pandemic
260
_b
Stanborough Press Ltd
_c
2002
300
_a
87p
942
_2
ddc
_c
BK
999
_c
3829
_d
3829